Breve historia de la responsabilidad de los servidores pb︢licos en Mx̌ico

Detalles Bibliográficos
Autor principal: Chipuli Castillo, Arturo Miguel
Formato: eBook
Lenguaje:español
Publicado: Veracruz: Universidad de Xalapa, 2017
Materias:
Acceso en línea:Acceso restringido

MARC

LEADER 00000nam a22000007a 4500
005 20180330212110.0
007 cr|||| ||||
008 180330s2017 mx |||||s|||| 00||0 spa d
020 |a 978-607-8156-38-2 
035 |a 21195 
040 |a vLex 
090 |c 7587  |d 7587 
100 1 |a Chipuli Castillo, Arturo Miguel 
245 1 0 |a Breve historia de la responsabilidad de los servidores pb︢licos en Mx̌ico  |h [Recurso electrn̤ico] /  |c Arturo Miguel Chipuli Castillo 
256 |a Servicio en ln̕ea 
260 |a Veracruz:  |b Universidad de Xalapa,  |c 2017 
300 |a 1 recurso electrn̤ico (280 p.) 
506 1 |a Disponible solo en los productos indicados  |d vLex Global  |d vLex Global (Academic Edition, excluding Law Schools)  |d vLex Global (U.S. Academic Edition, Law Schools)  |d vLex Global (U.S. Academic Edition, excluding Law Schools)  |d vLex Global (Academic Edition, Law Schools) 
650 0 4 |a Derecho Pb︢lico y Administrativo  |z Mx̌ico 
740 0 |a vLex Libros (Servicio en ln̕ea) 
856 4 0 |u http://vlex.com/source/breve-historia-responsabilidad-servidores-publicos-mexico-21195  |z Acceso restringido 
942 |c BOOK 
999 0 |a Public and Administrative Law